000 01140nam a2200277 a 4500
001 000017829
005 20240313073816.0
008 100406t2002 dr ach 001 0bspa d
020 _z9993429201
040 _aDO-SdBNP
_bspa
_cBNPHU
082 _a327.7293092
_bR896C, 2002
100 1 _aCollado, Lipe,
_d1947-
_979819
245 1 3 _aLa impresionante vida de un seductor Porfirio Rubirosa :
_bde cómo un dominicano se convirtió en chulo del jet set internacional /
_cLipe Collado.
250 _a4ª ed.
260 _aSanto Domingo :
_bCollado,
_c2002.
300 _a[300 p.] en varias paginaciones :
_bil., facsíms., retrs. ;
_c23 cm.
500 _aIncluye datos biográficos del autor en la solapa de la cubierta.
500 _aIncluye cronología de Porfirio Rubirosa.
504 _aIncluye referencias bibliográficas y notas al pie de páginas.
504 _aBibliografía : p. 299.
590 _aInventariado, 2018/BT
600 1 4 _aRUBIROSA, PORFIRIO,
_d1909-1965
_97030
650 4 _aDiplomáticos dominicanos
_xBiografías
_934346
650 4 _aCelebridades
_xBiografías
_97033
910 _aValidado. Control de calidad. EMS
999 _c17353
_d17353